[Event "POR-ch U18"]
[Site "Luso"]
[Date "2018.03.28"]
[Round "7"]
[White "Guerra, Rui Pedro Oliveira"]
[Black "Pinto, Pedro Miguel Silvei"]
[Result "1-0"]
[WhiteElo "1311"]
[BlackElo "1323"]
[PlyCount "65"]
[EventDate "2018.03.24"]
[EventType "swiss"]
[EventRounds "7"]
[EventCountry "POR"]
[SourceTitle "EXT 2019"]
[Source "ChessBase"]
[SourceDate "2018.10.10"]
[SourceVersion "1"]
[SourceVersionDate "2018.10.10"]
[SourceQuality "1"]

1. e4 b6 2. d4 Bb7 3. Nc3 e6 4. a3 Nf6 5. Bd3 Be7 6. h3 Nc6 7. Be3 d5 8. e5 Ng8 9. Qd2 f6 10. Nf3 Qd7 11. 0-0-0 0-0-0 12. Bb5 a6 13. Be2 Bf8 14. Kb1 Nge7 15. Bf4 h6 16. Bd3 g5 17. exf6 gxf4 18. fxe7 Bxe7 19. Qxf4 Rdf8 20. Qd2 Bf6 21. Be2 Qg7 22. g4 Rf7 23. Qe3 Re8 24. Nxd5 Bxd4 25. Nxd4 Nxd4 26. Rxd4 Qh8 27. Nxb6+ cxb6 28. Rhd1 Kb8 29. Rd7 Rxd7 30. Rxd7 Ka7 31. Qd3 Ka8 32. Bf3 Kb8 33. Qd6+ 1-0

[Event "POR-ch U18"]
[Site "Luso"]
[Date "2018.03.27"]
[Round "6"]
[White "Matos, Joao Guilherme Oliv"]
[Black "Guerra, Rui Pedro Oliveira"]
[Result "1-0"]
[WhiteElo "1542"]
[BlackElo "1311"]
[PlyCount "75"]
[EventDate "2018.03.24"]
[EventType "swiss"]
[EventRounds "7"]
[EventCountry "POR"]
[SourceTitle "EXT 2019"]
[Source "ChessBase"]
[SourceDate "2018.10.10"]
[SourceVersion "1"]
[SourceVersionDate "2018.10.10"]
[SourceQuality "1"]

1. e4 e5 2. Nf3 Nc6 3. Bb5 a6 4. Bxc6 dxc6 5. 0-0 Bd6 6. d4 Bg4 7. dxe5 Bxf3 8. Qxf3 Bxe5 9. Rd1 Qf6 10. Qxf6 Nxf6 11. f4 Bd6 12. e5 Bc5+ 13. Kf1 Nd7 14. Nc3 0-0-0 15. Ne4 Be7 16. Be3 b6 17. Rd3 h6 18. Rad1 g5 19. fxg5 hxg5 20. Bxg5 Bxg5 21. Nxg5 Nxe5 22. Rxd8+ Rxd8 23. Rxd8+ Kxd8 24. Ke2 Ke7 25. Nf3 Ng6 26. Ke3 Kf6 27. g4 c5 28. c4 c6 29. h4 Nh8 30. h5 Ke6 31. Kf4 f6 32. g5 fxg5+ 33. Nxg5+ Kf6 34. b3 Ke7 35. Ke5 a5 36. a3 b5 37. a4 bxa4 38. bxa4 1-0

[Event "POR-ch U18"]
[Site "Luso"]
[Date "2018.03.25"]
[Round "2"]
[White "Sa, Luis Afonso"]
[Black "Guerra, Rui Pedro Oliveira"]
[Result "0-1"]
[WhiteElo "1531"]
[BlackElo "1311"]
[PlyCount "82"]
[EventDate "2018.03.24"]
[EventType "swiss"]
[EventRounds "7"]
[EventCountry "POR"]
[SourceTitle "EXT 2019"]
[Source "ChessBase"]
[SourceDate "2018.10.10"]
[SourceVersion "1"]
[SourceVersionDate "2018.10.10"]
[SourceQuality "1"]

1. e4 e5 2. Nf3 Nc6 3. Bc4 Be7 4. 0-0 Nf6 5. Re1 d6 6. h3 0-0 7. c3 b6 8. Bb3 Bb7 9. d4 exd4 10. cxd4 h6 11. Nc3 Qd7 12. a3 Rad8 13. Bc2 Rfe8 14. Qd3 Bf8 15. Nd5 Be7 16. Nxf6+ Bxf6 17. e5 dxe5 18. Qh7+ Kf8 19. dxe5 Nxe5 20. Nxe5 Rxe5 21. Bf4 Qd5 22. Qh8+ Ke7 23. Qxd8+ Kxd8 24. Red1 Re1+ 25. Kh2 Rxd1 26. Rxd1 Qxd1 27. Bxd1 Bxb2 28. a4 c5 29. Bb3 f6 30. Be3 Bd4 31. g4 Bxe3 32. fxe3 Ke7 33. Kg3 g5 34. Bc2 Kd6 35. h4 Ke5 36. hxg5 hxg5 37. Kf2 Be4 38. Bd1 Kd5 39. Ke2 Kc4 40. Kd2 Kb4 41. Ke1 Bc6 0-1

[Event "POR-ch U18"]
[Site "Luso"]
[Date "2018.03.24"]
[Round "1"]
[White "Guerra, Rui Pedro Oliveira"]
[Black "Carreira, Marcelo Costa"]
[Result "0-1"]
[WhiteElo "1311"]
[BlackElo "1652"]
[PlyCount "66"]
[EventDate "2018.03.24"]
[EventType "swiss"]
[EventRounds "7"]
[EventCountry "POR"]
[SourceTitle "EXT 2019"]
[Source "ChessBase"]
[SourceDate "2018.10.10"]
[SourceVersion "1"]
[SourceVersionDate "2018.10.10"]
[SourceQuality "1"]

1. e4 c5 2. Nc3 Nc6 3. f4 g6 4. Bc4 e6 5. Nf3 Bg7 6. d3 Nge7 7. 0-0 0-0 8. a3 a6 9. Kh1 b5 10. Ba2 Bb7 11. Be3 d6 12. Rb1 Rc8 13. Qd2 b4 14. Ne2 a5 15. g4 Qd7 16. Nh4 f5 17. gxf5 gxf5 18. Ng3 Kh8 19. Nf3 Ng6 20. Ng5 Nd8 21. Qe2 Bh6 22. Kg1 Bxg5 23. fxg5 f4 24. Nh5 fxe3 25. Rxf8+ Nxf8 26. Qf3 Qf7 27. Nf6 Nd7 28. Rf1 Nxf6 29. gxf6 Nc6 30. Qxe3 Rg8+ 31. Kh1 Rg6 32. Bxe6 Qf8 33. f7 Rxe6 0-1

[Event "Azores op 4th"]
[Site "Ponta Delgada"]
[Date "2017.12.10"]
[Round "6"]
[White "Nunes, Joao Augusto De Mor"]
[Black "Guerra, Rui Pedro Oliveira"]
[Result "0-1"]
[WhiteElo "1116"]
[BlackElo "1296"]
[PlyCount "116"]
[EventDate "2017.12.07"]
[EventType "swiss"]
[EventRounds "7"]
[EventCountry "POR"]
[SourceTitle "CBM 182 Extra"]
[Source "ChessBase"]
[SourceDate "2018.02.23"]
[SourceVersion "1"]
[SourceVersionDate "2018.02.23"]
[SourceQuality "1"]

1. e4 e5 2. Nf3 Nc6 3. Nc3 Nf6 4. Bc4 Nxe4 5. Nxe4 d5 6. Bxd5 Qxd5 7. Nc3 Qd8 8. h3 Bc5 9. 0-0 0-0 10. d3 h6 11. Be3 Bb6 12. Qd2 Re8 13. Rfe1 Bf5 14. a3 Nd4 15. Bxd4 exd4 16. Rxe8+ Qxe8 17. Re1 Qd7 18. Ne5 dxc3 19. Qxc3 Qd4 20. Qxd4 Bxd4 21. Nc4 a6 22. c3 Bxd3 23. cxd4 Bxc4 24. Re7 Rc8 25. b4 b5 26. Kh2 Kf8 27. Re5 Re8 28. Rc5 Re7 29. Rc6 Rd7 30. Rxa6 Rxd4 31. Ra7 c6 32. Rc7 Bd5 33. Ra7 Rd2 34. Kg3 Rd3+ 35. f3 g6 36. a4 bxa4 37. Rxa4 Rd4 38. Kf2 c5 39. Ke3 Rxb4 40. Rxb4 cxb4 41. Kd4 b3 42. Kc3 Ke7 43. Kb2 Kd6 44. g4 Ke5 45. h4 Kf4 46. h5 gxh5 47. gxh5 Kxf3 48. Kb1 Ke3 49. Kb2 f5 50. Kc1 f4 51. Kd1 f3 52. Kc1 f2 53. Kb2 f1Q 54. Kc3 Qc4+ 55. Kb2 Kd2 56. Ka3 Qc5+ 57. Kb2 Kd3 58. Ka1 Qc1# 0-1

[Event "Azores op 4th"]
[Site "Ponta Delgada"]
[Date "2017.12.09"]
[Round "4"]
[White "Guerra, Rui Pedro Oliveira"]
[Black "Martins, Jose Manuel Oliveir"]
[Result "1/2-1/2"]
[WhiteElo "1296"]
[BlackElo "1548"]
[PlyCount "105"]
[EventDate "2017.12.07"]
[EventType "swiss"]
[EventRounds "7"]
[EventCountry "POR"]
[SourceTitle "CBM 182 Extra"]
[Source "ChessBase"]
[SourceDate "2018.02.23"]
[SourceVersion "1"]
[SourceVersionDate "2018.02.23"]
[SourceQuality "1"]

1. e4 e5 2. Nf3 Nc6 3. Bc4 Bc5 4. c3 Nf6 5. d4 exd4 6. e5 d5 7. Bb5 Ne4 8. Nxd4 Bd7 9. Bxc6 bxc6 10. 0-0 0-0 11. Nd2 Re8 12. f4 Bf5 13. Kh1 Bxd4 14. cxd4 Qh4 15. Nxe4 Bxe4 16. Qe1 Qg4 17. Rf2 h5 18. Qe2 Qf5 19. a4 h4 20. Kg1 Bd3 21. Qe3 Rab8 22. Ra3 Be4 23. Qh3 Qxh3 24. Rxh3 Rb4 25. Rc3 Rxd4 26. Rxc6 Rxa4 27. Rxc7 Rc4 28. Rxc4 dxc4 29. Rd2 Bd3 30. b3 Rb8 31. bxc4 Bxc4 32. Kf2 Rb3 33. Rb2 Kf8 34. Rxb3 Bxb3 35. Ke3 Bd5 36. g3 hxg3 37. hxg3 Ke7 38. Kd4 Bg2 39. Bd2 Ke6 40. Kc5 Bf1 41. Kc6 a6 42. Kc5 Kf5 43. Kd6 Kg4 44. Be1 Kf3 45. Ke7 Bc4 46. f5 Ke2 47. Bb4 Kf3 48. e6 fxe6 49. fxe6 Kxg3 50. Kd6 Bxe6 51. Kxe6 g5 52. Ba5 Kf3 53. Kd5 1/2-1/2

[Event "Azores op 4th"]
[Site "Ponta Delgada"]
[Date "2017.12.08"]
[Round "2"]
[White "Guerra, Rui Pedro Oliveira"]
[Black "Andrade, Cristovao Almeida"]
[Result "1-0"]
[WhiteElo "1296"]
[BlackElo "1569"]
[PlyCount "71"]
[EventDate "2017.12.07"]
[EventType "swiss"]
[EventRounds "7"]
[EventCountry "POR"]
[SourceTitle "CBM 182 Extra"]
[Source "ChessBase"]
[SourceDate "2018.02.23"]
[SourceVersion "1"]
[SourceVersionDate "2018.02.23"]
[SourceQuality "1"]

1. e4 c5 2. Nc3 Nc6 3. f4 d6 4. Bb5 Bd7 5. d3 g6 6. Nf3 Bg7 7. 0-0 Nf6 8. Qe1 0-0 9. Kh1 Nd4 10. Nxd4 cxd4 11. Bxd7 Nxd7 12. Ne2 Qc7 13. c3 dxc3 14. Nxc3 Rac8 15. Bd2 e6 16. Rc1 Qb6 17. b3 Qd4 18. Qe2 a6 19. Be3 Qb4 20. Nb1 Nc5 21. Nd2 b5 22. Nf3 Qa5 23. e5 Nb7 24. Rxc8 Rxc8 25. Rc1 Rxc1+ 26. Bxc1 Qc7 27. Bd2 Qc2 28. Qe4 d5 29. Qd4 Nc5 30. h3 Nxd3 31. Qa7 Qb1+ 32. Kh2 Qxa2 33. Ng5 Nxe5 34. Qb8+ Bf8 35. Qxe5 Qxd2 36. Qf6 1-0

[Event "Azores op 4th"]
[Site "Ponta Delgada"]
[Date "2017.12.08"]
[Round "3"]
[White "Torres, Francisco Medeiros"]
[Black "Guerra, Rui Pedro Oliveira"]
[Result "1-0"]
[WhiteElo "1245"]
[BlackElo "1296"]
[PlyCount "97"]
[EventDate "2017.12.07"]
[EventType "swiss"]
[EventRounds "7"]
[EventCountry "POR"]
[SourceTitle "CBM 182 Extra"]
[Source "ChessBase"]
[SourceDate "2018.02.23"]
[SourceVersion "1"]
[SourceVersionDate "2018.02.23"]
[SourceQuality "1"]

1. e4 e5 2. Bc4 Nf6 3. Nf3 Nc6 4. Nc3 Nxe4 5. Nxe4 d5 6. Bxd5 Qxd5 7. Nc3 Qd7 8. h3 Bc5 9. 0-0 0-0 10. d3 b6 11. Be3 Be7 12. Qe2 Bf6 13. Rad1 Nd4 14. Bxd4 exd4 15. Ne4 Be7 16. c3 c5 17. cxd4 cxd4 18. Qc2 Bb7 19. Rfe1 Rac8 20. Qe2 Rfe8 21. Rc1 Bb4 22. Rxc8 Rxc8 23. Rb1 Re8 24. Rc1 f5 25. Nfg5 fxe4 26. Nxe4 Qf5 27. f3 Bxe4 28. dxe4 Qe6 29. Qc4 Qxc4 30. Rxc4 Bd6 31. Kf1 Be5 32. Ke2 Rd8 33. Kd3 g5 34. Rb4 Rc8 35. g3 Rd8 36. Rb5 Bf6 37. f4 gxf4 38. gxf4 Kf7 39. e5 Bh4 40. f5 Be7 41. a4 Bf8 42. a5 bxa5 43. Rxa5 Ke8 44. Rxa7 h6 45. f6 Bc5 46. Rc7 Bb6 47. Rh7 Bc5 48. e6 Rd6 49. Rh8# 1-0

[Event "POR-ch U18"]
[Site "Luso"]
[Date "2017.04.11"]
[Round "6"]
[White "Arruda, Daniela Sofia Perei"]
[Black "Guerra, Rui Pedro Oliveira"]
[Result "1-0"]
[WhiteElo "1485"]
[BlackElo "1287"]
[PlyCount "83"]
[EventDate "2017.04.08"]
[EventType "swiss"]
[EventRounds "7"]
[EventCountry "POR"]
[SourceTitle "EXT 2018"]
[Source "ChessBase"]
[SourceDate "2017.10.13"]
[SourceVersion "1"]
[SourceVersionDate "2017.10.13"]
[SourceQuality "1"]

1. d4 d5 2. c4 e6 3. Nf3 Nf6 4. e3 Be7 5. Nbd2 c6 6. b3 0-0 7. Bb2 Nbd7 8. Qc2 b6 9. Rc1 Bb7 10. Bd3 h6 11. 0-0 c5 12. Rfe1 cxd4 13. Bxd4 Nc5 14. Be2 Rc8 15. Qb2 dxc4 16. Bxc4 Nce4 17. Red1 Bc5 18. Nxe4 Bxd4 19. Nxf6+ Bxf6 20. Rxd8 Bxb2 21. Rxf8+ Kxf8 22. Rd1 Ke7 23. Kf1 Rd8 24. Rxd8 Kxd8 25. Ke2 Bf6 26. g3 Kc7 27. Nd2 g5 28. h3 Kd6 29. Kd3 Bg7 30. f3 a5 31. Bb5 Ke7 32. e4 Bh8 33. Nc4 f5 34. Nxb6 h5 35. Nc4 g4 36. hxg4 hxg4 37. f4 Kd8 38. Nxa5 Bc8 39. e5 Bg7 40. Nc6+ Kc7 41. Nd4 Bf8 42. Bc4 1-0

[Event "POR-ch U16"]
[Site "Luso"]
[Date "2016.07.22"]
[Round "4"]
[White "Guerra, Rui Pedro Oliveira"]
[Black "Almeida, Diogo Antonio"]
[Result "1-0"]
[WhiteElo "1305"]
[BlackElo "1512"]
[PlyCount "85"]
[EventDate "2016.07.20"]
[EventType "swiss"]
[EventRounds "7"]
[EventCountry "POR"]
[SourceTitle "EXT 2018"]
[Source "ChessBase"]
[SourceDate "2017.10.13"]
[SourceVersion "1"]
[SourceVersionDate "2017.10.13"]
[SourceQuality "1"]

1. e4 e6 2. d4 d5 3. Nc3 Nf6 4. Bd3 Bb4 5. e5 Nfd7 6. Nf3 c5 7. a3 cxd4 8. axb4 dxc3 9. bxc3 Qc7 10. Bb2 Nxe5 11. Nxe5 Qxe5+ 12. Qe2 Nc6 13. 0-0 0-0 14. Rfe1 f6 15. Qf3 Qc7 16. b5 Ne5 17. Qg3 Qb6 18. Rab1 Bd7 19. Bc1 a5 20. Bf4 Nc4 21. Bxc4 dxc4 22. Bc7 Qa7 23. b6 Qa6 24. Qd6 Rf7 25. Qc5 Rc8 26. h3 e5 27. Red1 Bc6 28. Rd6 Rfxc7 29. bxc7 Rxc7 30. Rb6 Qa7 31. Qxc4+ Kf8 32. Rb1 b5 33. Qe6 Re7 34. Qc8+ Be8 35. Rbd1 Qc7 36. Qf5 Bg6 37. Qf3 a4 38. Qd5 Re8 39. Rd7 Qc4 40. Qd6+ Kg8 41. Rd8 Qf7 42. Qc6 Bxc2 43. Rxe8+ 1-0

[Event "Portugal op"]
[Site "Oeiras"]
[Date "2015.09.02"]
[Round "5"]
[White "Guerra, Rui Pedro Oliveira"]
[Black "Soares, Manuel AAL Branda"]
[Result "0-1"]
[WhiteElo "1378"]
[BlackElo "1090"]
[PlyCount "80"]
[EventDate "2015.08.30"]
[EventType "swiss"]
[EventRounds "9"]
[EventCountry "POR"]
[SourceTitle "EXT 2016"]
[Source "ChessBase"]
[SourceDate "2015.10.08"]
[SourceVersion "1"]
[SourceVersionDate "2015.10.08"]
[SourceQuality "1"]

1. e4 c5 2. Nf3 Nc6 3. Bc4 Nf6 4. e5 Ng4 5. Bxf7+ Kxf7 6. Ng5+ Ke8 7. Qxg4 Nxe5 8. Qf4 d6 9. Nc3 h6 10. Nf3 Nxf3+ 11. Qxf3 Qd7 12. 0-0 Qf5 13. Qxf5 Bxf5 14. d3 g5 15. Ne4 Rc8 16. c4 Bg4 17. f3 Bf5 18. h3 h5 19. Bxg5 Bh6 20. Bxh6 Rxh6 21. Rfe1 h4 22. b3 Kf7 23. Re2 Rg8 24. Kh2 Bxe4 25. Rxe4 e5 26. a3 Ke6 27. b4 b6 28. Ra2 Rg7 29. Rae2 Rg8 30. Rg4 Rxg4 31. fxg4 Kd7 32. Kg1 Rf6 33. Rf2 Rxf2 34. Kxf2 d5 35. Ke3 dxc4 36. dxc4 cxb4 37. axb4 a5 38. bxa5 bxa5 39. g5 a4 40. g6 a3 0-1

[Event "POR-ch U16"]
[Site "Luso"]
[Date "2015.07.22"]
[Round "1"]
[White "Ferreira, Hugo Miguel da Cost"]
[Black "Guerra, Rui Pedro Oliveira"]
[Result "1-0"]
[WhiteElo "2130"]
[BlackElo "1452"]
[PlyCount "53"]
[EventDate "2015.07.22"]
[EventType "swiss"]
[EventRounds "7"]
[EventCountry "POR"]
[SourceTitle "EXT 2018"]
[Source "ChessBase"]
[SourceDate "2017.10.13"]
[SourceVersion "1"]
[SourceVersionDate "2017.10.13"]
[SourceQuality "1"]

1. d4 d5 2. c4 e6 3. Nc3 Nf6 4. Bg5 c6 5. e3 Be7 6. Nf3 Nbd7 7. cxd5 cxd5 8. Rc1 0-0 9. Bd3 b6 10. 0-0 Bb7 11. Qe2 Rc8 12. Bf4 Ne4 13. Nd2 Ndf6 14. Ndxe4 Nxe4 15. f3 Nxc3 16. bxc3 Bd6 17. Bxd6 Qxd6 18. e4 f6 19. e5 fxe5 20. dxe5 Qe7 21. f4 Rce8 22. Qg4 Bc8 23. Rf3 Kh8 24. Rh3 h6 25. Qg6 Kg8 26. Qh7+ Kf7 27. Bg6# 1-0